000 008200000a22002050004500
090 _aMM
_b00168
245 1 0 _aCespedesia: colección revistas (1972-1998) disco 1
300 _bCD-ROM
500 _aRequerimientos del sistema: Procesador Pentium o superior, Windows 98/2000
500 _aContiene la colección completa de la revista desde el volumen 1 (1-2) de 1972 hasta el volumen 23 (71-72) de 1998
650 1 4 _aBibliografía
_992439
650 1 4 _aCatálogos bibliográficos
_979075
650 1 4 _aRevistas científicas colombianas
_9100940
651 4 _pColombia
_992749
041 0 _aEspañol
044 _aColombia
110 1 _aInstituto para la Investigación y la Preservación del Patrimonio Cultural y Natural del Valle del Cauca
_sINCIVA
_9102458
260 _aCali
_bINCIVA
_c2002
942 _cCD-ROM
_01
999 _c16544
_d16544